01284agaaa2200277 45000010005000000030009000050050017000140070009000310080040000400400023000800410013001031000048001161300027001642450149001912500022003402600111003623000034004735080149005075110093006565200049007495380016007985460013008146500058008277000061008857000060009460483IT-RoPAU20220918181226.0d cvaizq50131s9999||||xx ||| | || ||und|| aIT-RoPAUcIT-RoPAU aITALIANO aSiena MarcellogCodice regista SPICS: 32609 aQUALCOSA DI DON ORIONE aQUALCOSA DI DON ORIONEcSceneggiatura: Olmi Ermanno -- Diretto da: Siena MarcellopQUALCOSA DI DON ORIONE (Rif. Codice opera principale : 90483) aEdizione Standard aMILANO (ITALIA)bSIRE PRODUZIONI / Distribuzione: RAI UNOg"1990 (1° ed.: 1990 ; Ed. Lingua Orig.: 1990)" aVHSbsonoro, col.c110 minuti a"Fotografia: Zaccaro Maurizio; Montaggio: Torre Roberta; Musica: Caldironi Maurizio; Sceneggiatura: Olmi Ermanno; Scenografia: Siena Marcello; " a"Salerno Enrico; Maria; De; Carmine Renato; Foschi Massimo; Mariscotti Fabrizio; Casell" aVITA DI DON ORIONE FONDAZIONE DEGLI ORIONINI aPAL, STEREO aITALIANO aDOCUMENTARIOeFILMS [VHS]xCodice MATERIA SPICS: 9960 aCaldironi Maurizioe(musica)gCodice Musica SPICS: 32610 aSiena Marcello e(regista)gCodice regista SPICS: 32609